Filosofía para la educación diversificada /
Zapisane w:
| 1. autor: | |
|---|---|
| Kolejni autorzy: | , |
| Format: | Nieznany |
| Język: | Spanish |
| Wydane: |
San José, Costa Rica:
Editorial Universidad Estatal a Distancia, EUNED
|
| Wydanie: | edición, reimpresión 1994 |
| Hasła przedmiotowe: | |
| Etykiety: |
Dodaj etykietę
Nie ma etykietki, Dołącz pierwszą etykiete!
|
MARC
| LEADER | 00000 a2200000 04500 | ||
|---|---|---|---|
| 001 | 48492 | ||
| 003 | cru CIDCACS/IIS | ||
| 005 | 20170512132706.0 | ||
| 008 | 050602s19801994cr spa d | ||
| 020 | |a 9977-64-219-2 | ||
| 022 | |a 9977-64-219-2 | ||
| 040 | |c CIDCACS/IIS | ||
| 090 | |a FI05.01.01 C172f | ||
| 100 | |a Camacho, Luis A. | ||
| 245 | |a Filosofía para la educación diversificada / |c Luis A. Camacho, Helio Gallardo y Edgar R. Ramírez | ||
| 250 | |a edición, reimpresión 1994 | ||
| 260 | |a San José, Costa Rica: |b Editorial Universidad Estatal a Distancia, EUNED | ||
| 300 | |a 144 páginas | ||
| 500 | |a Colección ALFORJA | ||
| 650 | |a FILOSOFIA | ||
| 650 | |2 Macrothesauro de la OCDE/ | ||
| 650 | |a EDUCACION | ||
| 650 | |2 Macrothesauro de la OCDE/ | ||
| 650 | |a EPISTEMOLOGIA | ||
| 650 | |2 Macrothesauro de la OCDE/ | ||
| 650 | |a ANTROPOLOGIA | ||
| 650 | |2 Macrothesauro de la OCDE/ | ||
| 650 | |a ETICA | ||
| 650 | |2 Macrothesauro de la OCDE/ | ||
| 700 | |a Gallardo, Helio | ||
| 700 | |a Ramírez, Edgar R. | ||
| 942 | |2 ddc |c LI | ||
| 999 | |c 14018 |d 14018 | ||



